LDR 00892naa#a2200169#i#450# 001 RU\INFRA-M\bibl\113821 005 20260701123356.3 011 ## _a2587-9111 100 ## _a20260417b2026####ek#y0rusy0150####ca 102 ## _aRU 200 1# _aМаржинальный анализ бюджетной модели компании _eЖурнальная статья 210 1# _aМосква _cОбщество с ограниченной ответственностью «Научно-издательский центр ИНФРА-М» _d2026 215 ## _a4 с. 608 ## _aЖурнальная статья _2local 675 ## _aЭкономика. Народное хозяйство. Экономические науки. 33 _aЭкономическая политика. Управление и планирование в экономике. 338.2 _z 700 #1 _aАлёшина _gИ. Ф. 856 4# _anaukaru.ru _u